Processes for major addition-type plastics and their monomers /

Bibliographic Details
Main Author: Albright, Lyle Frederick, 1921-
Format: Book
Language:English
Published: New York : McGraw-Hill, [1974]
Subjects:

MARC

Tag First Indicator Second Indicator Subfields
LEADER 00000pam a2200000 4500
001 in00000094755
005 20150927110537.0
008 730803s1974 nyua b 00110 eng
010 |a  73012991  
020 |a 0070009651  |c $17.50 
035 |a (OCoLC)00695666 
035 |9 AAL6628AM 
040 |a DLC  |c DLC  |d TXA  |d UtOrBLW 
049 |a TXAM  |c [1337903] 
050 0 0 |a TP1180.P67  |b A42 
082 0 |a 668.4/23 
100 1 |a Albright, Lyle Frederick,  |d 1921- 
245 1 0 |a Processes for major addition-type plastics and their monomers /  |c [by] Lyle F. Albright. 
264 1 |a New York :  |b McGraw-Hill,  |c [1974] 
300 |a viii, 385 pages :  |b illustrations ;  |c 23 cm. 
336 |a text  |b txt  |2 rdacontent 
337 |a unmediated  |b n  |2 rdamedia 
338 |a volume  |b nc  |2 rdacarrier 
504 |a Includes bibliographies. 
650 0 |a Polyolefins. 
999 |a MARS 
999 f f |s c1d617ee-2178-393f-b4d1-8f10ffd98ea8  |i 2b13e09d-ff7a-3624-9e0b-329d9dd9b5aa  |t 0 
952 f f |p ric  |a Texas A&M University  |b Rellis Campus  |c Joint Library Facility  |d Remote Storage  |t 0  |e TP1180.P67 A42  |h Library of Congress classification  |i unmediated -- volume  |m A14805621060 
998 f f |a TP1180.P67 A42  |t 0  |l Remote Storage